Novels and Books Published Posthumously 📚 - Statistics

General Stats
  • This quiz has been taken 18 times
  • The average score is 6 of 15
Answer Stats
Written Released Person Title % Correct
1942–1944 1947 Anne Frank The Diary of a Young Girl
88%
1513–1515 1532 Niccolò Machiavelli The Prince
81%
29–19 BCE 19 BCE Virgil The Aeneid
63%
2002–2004 2005 Stieg Larsson The Girl with the Dragon Tattoo
63%
1917–1973 1977 J.R.R. Tolkien The Silmarillion
50%
1914–1915 1924 Franz Kafka The Trial
50%
1963–1964 1980 John Kennedy Toole A Confederacy of Dunces
44%
1928–1940 1967 Mikhail Bulgakov The Master and Margarita
31%
1957–1960 1964 Ernest Hemingway A {Moveable} {Feast}
25%
1798–1799 1817 Jane Austen Northanger Abbey
25%
1815–1816 1817 Jane Austen Persuasion
25%
1963–1965 1965 Malcolm X The Autobiography of Malcolm X
19%
1922–1924 1926 Franz Kafka The Castle
19%
1873–1884 1903 Samuel Butler The Way of All Flesh
19%
1954–1994 1999 Ralph Ellison Juneteenth
13%
No matching quizzes found
Score Distribution
Percent of People with Each Score
Percentile by Number Answered
Your Score History
You have not taken this quiz